| 000 | 00838nam a2200217 4500 | ||
|---|---|---|---|
| 008 | 171212b xxu||||| |||| 00| 0 eng d | ||
| 020 | _a0070156352 | ||
| 082 |
_21994 _aDC 973 _bN21 |
||
| 245 |
_aNation of nations : _b a narrative history of the American republic / _cJames West Davidson ... [and others]. |
||
| 250 | _aSecond edition. | ||
| 260 |
_aNew York : _b McGraw-Hill, _c©1994. |
||
| 300 |
_axxxii, 1303 pages: _bcolored illustrations ; _c26 cm. |
||
| 500 | _aIncludes bibliographical references and index. | ||
| 650 | 0 |
_924885 _aUnited States _vHistory. |
|
| 700 |
_924886 _aDavidson, James West, author. |
||
| 700 |
_924887 _aGienap, William E.,author. |
||
| 700 |
_924889 _alytle, Mark H., author. |
||
| 700 |
_924888 _aHeyrman, Christine Leigh, author. |
||
| 700 |
_924890 _aStoff, Michael B., author. |
||
| 942 |
_2ddc _cDC |
||
| 999 |
_c8060 _d8060 |
||